000
00276nam a22001217a 4500
020
_a
81-219-2792-7
040
_c
S. Chand
082
_a
628 D8661 E
100
_a
K.N. Duggal
_9
130124
245
_a
Elements of Environmental Engineering
300
_a
440p.
942
_2
ddc
_c
BK
999
_c
614466
_d
614466